Biodiversidad de Barra de Potosí, Guerrero, México : (Record no. 190071)

MARC details
000 -CABECERA
campo de control de longitud fija 00781nam a2200229 u 4500
005 - FECHA Y HORA DE LA ÚLTIMA TRANSACCIÓN
campo de control 20231116063533.0
008 - ELEMENTOS DE LONGITUD FIJA--INFORMACIÓN GENERAL
campo de control de longitud fija 170519s2015 mx r 000 0 spa d
020 ## - NÚMERO INTERNACIONAL NORMALIZADO PARA LIBROS
Número Internacional Estándar del Libro 9786072806047
035 ## - NÚMERO DE CONTROL DEL SISTEMA
Número de control de sistema UPN01000217971
049 ## - COLECCIÓN
Colección CG
050 #4 - SIGNATURA TOPOGRÁFICA DE LA BIBLIOTECA DEL CONGRESO
Número de clasificación QH107
Número de documento/Ítem B5.6
245 00 - MENCIÓN DE TÍTULO
Título Biodiversidad de Barra de Potosí, Guerrero, México :
Resto del título hacia una interacción entre conservación y turismo /
Mención de responsabilidad, etc. Alejandro Meléndez Herrera ... [et al.].
260 ## - PUBLICACIÓN, DISTRIBUCIÓN, ETC.
Lugar de publicación, distribución, etc. México :
Nombre del editor, distribuidor, etc. UAM, Unidad Xoochimilco,
Fecha de publicación, distribución, etc. 2015.
300 ## - DESCRIPCIÓN FÍSICA
Extensión 155 p. :
Otras características físicas il. col., tablas, gráfs.
440 #0 - MENCIÓN DE SERIE/ASIENTO SECUNDARIO--TÍTULO
Título Académicos ;
Designación de volumen o secuencia 123
650 #4 - ASIENTO SECUNDARIO DE MATERIA - TERMINO TEMATICO
Término de materia o nombre geográfico como elemento de entrada BIODIVERSIDAD -
Subdivisión geográfica MEXICO
9 (RLIN) 22935
650 #2 - ASIENTO SECUNDARIO DE MATERIA - TERMINO TEMATICO
Término de materia o nombre geográfico como elemento de entrada Ecosistemas
9 (RLIN) 14634
650 #4 - ASIENTO SECUNDARIO DE MATERIA - TERMINO TEMATICO
Término de materia o nombre geográfico como elemento de entrada ECOTURISMO
9 (RLIN) 17175
700 1# - ASIENTO SECUNDARIO--NOMBRE DE PERSONAL
Nombre de persona Meléndez Herrada, Alejandro,
Término indicativo de función/relación coaut.
905 ## - TIPO DE MATERIAL
Tipo de material Libro
Holdings
Estado de retiro Estado de pérdida Fuente del sistema de clasificación o colocación Estado dañado No para préstamo Código de colección Localización permanente Ubicación/localización actual Ubicación en estantería Total de préstamos Clasificación Código de barras Fecha visto por última vez Número de copia Tipo de ítem Koha
    Library of Congress Classification     Colección General Bib. Gregorio Torres Quintero Bib. Gregorio Torres Quintero Planta baja 2 QH107 B5.6 317376 31/12/2020 1 Libro